Copa del Mundo de futbol - Estadísticas

Estadísticas generales
  • Esta prueba ha sido intentada 106 veces
  • La puntuación promedio es 7 de 15
Estadísticas de respuestas
Pregunta Respuesta % Correcto
¿Cuál es la selección con más victorias en mundiales? Brasil
73%
¿Cuál de estas selecciones jugo más finales del torneo? Hungria
63%
¿Cuál de estas selecciones no llego nunca a semifinales del torneo? Colombia
60%
¿Cuál de estos jugadores tiene más goles en el torneo? Kylian Mbappé
57%
¿Cuántos goles hizo el francés Just Fontaine en el mundial de 1958? Solo jugo 6 partidos. 13
55%
¿Cuál es el único arquero que fue el mejor jugador de una edición? Oliver Kahn
51%
¿Cuál de estos jugadores tiene un mundial? Giuseppe Meazza
47%
¿Cuantos goles en mundiales tiene Diego Armando Maradona? 8
45%
¿Cuál de los siguientes jugadores no tiene dos mundiales en sus palmares? Tostão
43%
¿Cuál de estos países nunca jugo un mundial? Kenia
38%
¿Cuál de los siguientes jugadores fue el máximo goleador de alguna edición del torneo? Mario Kempes
38%
¿Qué jugador no pudo jugar un mundial? Alfredo Di Stéfano
36%
¿Cuál es el jugador sudamericano con más goles en mundiales? Ronaldo
35%
¿Quién tiene más partidos en el torneo de estos jugadores? Paolo Maldini
23%
¿Cuál de los siguientes partidos del torneo no tuvieron como resultado un 7-0? Uruguay vs Bolivia en 1950
21%
No se encontraron pruebas coincidentes
Distribución de puntuación
Porcentaje de gente con cada puntuación
Porcentaje por número respondido
Historial de tus puntuaciones
No has intentado esta prueba.